000 00190 a2200097 4500
001 44141
100 _aPike, D
245 _aViet cong
260 _a
_bM I T press
_c
090 _c27883
_d27883
942 _aNUST-CAE
_cM
_c19872
999 _c279214
_d279214